中国地均GDP≥5000万元/平方公里的城市 - Statistics

General Stats
  • This quiz has been taken 116 times
  • The average score is 49 of 64
Answer Stats
城市 地均GDP % Correct
上海 74472
100%
深圳 173251
98%
苏州 28477
95%
南京 26448
95%
珠海 24738
95%
青岛 13956
95%
东莞 46495
93%
广州 40831
93%
佛山 34958
93%
北京 26666
93%
武汉 23353
93%
济南 12454
93%
厦门 47433
92%
常州 23123
92%
中山 21588
92%
宁波 16761
92%
成都 15399
92%
杭州 11902
92%
无锡 33401
90%
扬州 11262
88%
合肥 11074
88%
大连 6961
88%
沈阳 6273
88%
嘉兴 16520
86%
天津 13987
86%
南通 13826
86%
长沙 12126
86%
泰州 11632
86%
福州 10803
86%
温州 7518
86%
镇江 13684
85%
西安 11173
85%
徐州 7565
85%
郑州 18289
83%
绍兴 9415
81%
唐山 6779
81%
台州 6209
81%
泉州 11051
80%
湖州 6899
80%
威海 6061
80%
南昌 9895
78%
烟台 7393
78%
石家庄 5209
78%
舟山 14399
76%
汕头 14364
75%
连云港 5730
75%
太原 8067
73%
芜湖 7868
71%
贵阳 6416
71%
金华 5494
71%
马鞍山 6398
64%
宿迁 5141
63%
淄博 7648
61%
海口 7497
61%
三亚 5060
58%
莆田 7311
56%
廊坊 5613
46%
鄂州 7942
42%
湘潭 5477
42%
北海 5247
36%
许昌 6482
25%
德阳 5101
24%
漯河 6740
22%
焦作 5487
17%
No matching quizzes found
Score Distribution
Percent of People with Each Score
Percentile by Number Answered
Your Score History
You have not taken this quiz